Sports Quiz

Random Sports or Baseball Quiz
Score 0/16 Timer 04:00
0 Plays Today
% Correct
Randy Johnson
94.2%
David Ortiz
93.3%
Rollie Fingers
87.5%
Johnny Damon
85.6%
Brian Wilson
83.7%
Jim Leyland
79.8%
Kevin Youkilis
78.8%
Jayson Werth
53.8%
% Correct
Nick Swisher
42.3%
Jeff Bagwell
40.4%
Jose Valverde
31.7%
Derek Holland
27.9%
John Axford
26.9%
Jason Kubel
8.7%
Carl Pavano
5.8%
Sam LeCure
1.9%
Remove Ads.
Support Sporcle.
Get the best of Sporcle when you Go Orange. This ad-free experience offers more features, more stats, and more fun while also helping to support Sporcle. Thank you for becoming a member.

You're not logged in!

Compare scores with friends on all Sporcle quizzes.
OR
Log In

Show Comments

Extras

Top Quizzes Today


Score Distribution

Your Account Isn't Verified!

In order to create a playlist on Sporcle, you need to verify the email address you used during registration. Go to your Sporcle Settings to finish the process.

Report this User

Report this user for behavior that violates our Community Guidelines.

Details: